| 000 | 00740am a2200253a 44500 | ||
|---|---|---|---|
| 003 | AR-BaBNM | ||
| 005 | 20251128211112.0 | ||
| 008 | 222120s2001 #AR|||||||||||000 | esp|| | ||
| 040 | _cAR-BaBNM | ||
| 100 | 1 | _aGenest, Eugenio A. | |
| 245 | 1 | 0 |
_aAntártida sudamericana _baportes para su comprensión |
| 260 |
_aBuenos Aires _bDirección Nacional del Antártico _c2001 |
||
| 300 |
_a130 p. _bmapas |
||
| 490 | 0 |
_aPublicación _vv. 28 |
|
| 650 | 4 | _aHISTORIA ARGENTINA | |
| 650 | 4 | _aHISTORIA POLITICA ARGENTINA | |
| 650 | 4 | _aNEGOCIACIONES DIPLOMATICAS | |
| 650 | 4 | _aMISIONES DIPLOMATICAS | |
| 650 | 4 | _aHISTORIA ANTARTICA ARGENTINA | |
| 650 | 4 | _aHISTORIA POLITICA | |
| 651 | 4 | _aAmérica Latina | |
| 942 | _cBK | ||
| 998 | _cmariana | ||
| 999 |
_c18234 _d18234 |
||